000 00631nam a2200229Ia 4500
003 OSt
005 20220923225507.0
006 a|||||r|||| 00| 0
007 ta
008 Pun
024 _a269,406
037 _cTextual
040 _aARTS
_cARTS
_bPun
041 _2Pun
_aPun
082 _aO153,3N17:g, N0
100 _aਸਿੰਘ, ਜਵਾਹਰ
245 0 _aਕਰਤਾਰ ਸਿੰਘ ਦੁਗੱਲ ਦਾ ਨਾਵਲ ਜਗਤ
260 _c1990
650 _aਪੰਜਾਬੀ ਸਾਹਿਤ
942 _hO153,3N17:g, N0
_cTEXL
_2CC
999 _c378595
_d378595